000 00497pab a2200169 454500
008 180718b2008 xxu||||| |||| 00| 0 eng d
100 _aPradhan, Jaya Prakash
245 _aTrends and patterns of technology acquisition in Indian organised manufacturing: an inter-industry exploration
260 _c2008
300 _ap.269-315.
362 _aOct
650 _aManufacturing industry
700 _aPuttaswamaiah, S.
773 _aIndian Journal of Economics
908 _aN
909 _a82447
999 _c82447
_d82447